000 00735nam a22001577a 4500
003 OSt
005 20150920151544.0
008 150920b xxu||||| |||| 00| 0 eng d
040 _cRUA
082 _aAGR CHI 2006 BO33 Or.1
100 _9951
_aCHIN, SEREY, SEREYMONY
245 _aECONOMIC ANALYSIS OF TWO RICE PRODUCTION SYSTEMS IN CHHOUK DISTRICT, KAMPOT PROVINCE,(វិភាគសេដ្ឋកិច្ចលើប្រព័ន្ធផលិតកម្មដំមណាំស្រូវតាមបច្ចេកទេសពីររបៀបផ្សេងៗគ្នានូស្រុកឈូក ខឹត្តគំពត).
260 _aPHNOM PHEN
_bRUA
_c2006
300 _aXIV,46P.
_bILL.
_c29CM.
942 _2ddc
_cAGR
999 _c916
_d916